|
|
|
|
| LEADER |
00000nab a2200000 a 4500 |
| 001 |
vtls000017103 |
| 003 |
SK-MaSNL |
| 005 |
20260304072657.0 |
| 008 |
250423c1979 xo 0 slo |
| 015 |
|
|
|a SNBRB19rr/mm-uuuuu
|
| 035 |
|
|
|a CL0027197
|
| 035 |
|
|
|a urn:nbn:sk:snk-abb7ag
|
| 035 |
|
|
|a (urnnbn)urn:nbn:sk:snk:ar-000ldb
|
| 035 |
|
|
|a (uuid)53012bcf-9192-4e08-a316-4fdc6d37ad9e
|
| 040 |
|
|
|a SNKBUCL
|b slo
|c SNKBUCL
|e AACR2
|
| 041 |
0 |
|
|a slo
|
| 044 |
|
|
|a xo
|c SK
|
| 080 |
|
|
|a 027.52(437.6 Nové Zámky)
|2 1981
|
| 080 |
|
|
|a 023.5
|2 1981
|
| 080 |
|
|
|a 331.876
|2 1981
|
| 100 |
1 |
|
|a Držíková, G.
|4 aut
|9 1360645
|
| 245 |
1 |
0 |
|a Nový kolektív BSP
|c G. Držíková
|
| 650 |
0 |
7 |
|a okresné knižnice
|2 snkbucl
|9 64389
|
| 650 |
0 |
7 |
|a brigády socialistickej práce
|2 snkbucl
|9 53950
|
| 655 |
|
7 |
|a články z novín a časopisov
|2 snkbucl
|9 267496
|
| 655 |
|
7 |
|a články z odboru knihovníctvo
|2 snkbucl
|9 166141
|
| 773 |
0 |
|
|t Čitateľ
|g Roč. 28, č. 1 (1979), s. 15
|
| 850 |
|
|
|a Slovenská národná knižnica
|
| 852 |
|
|
|a Slovenská národná knižnica
|
| 954 |
|
|
|a odborná, vedecká literatúra pôvodná (slovenská)
|2 lita
|
| 957 |
|
|
|a 5207
|
| 958 |
|
|
|a article15
|
| 958 |
|
|
|a RK
|
| 958 |
|
|
|a KL
|
| 958 |
|
|
|a OND
|
| 958 |
|
|
|a EUIPO
|
| 992 |
|
|
|a RBX
|
| 999 |
|
|
|c 2767516
|d 2769446
|